STRATEGY DRIVEN TALENT MANAGEMENT A LEAD (Record no. 18030)
[ view plain ]
| 000 -LEADER | |
|---|---|
| fixed length control field | 00330nam a2200133Ia 4500 |
| 008 - FIXED-LENGTH DATA ELEMENTS--GENERAL INFORMATION | |
| fixed length control field | 240624s9999 xx 000 0 und d |
| 041 ## - LANGUAGE CODE | |
| Language code of text/sound track or separate title | eng |
| 082 ## - DEWEY DECIMAL CLASSIFICATION NUMBER | |
| Classification number | 658.3 SIL |
| 100 ## - MAIN ENTRY--PERSONAL NAME | |
| Personal name | SILZER ROB |
| 245 ## - TITLE STATEMENT | |
| Title | STRATEGY DRIVEN TALENT MANAGEMENT A LEAD |
| 260 ## - PUBLICATION, DISTRIBUTION, ETC. | |
| Date of publication, distribution, etc. | 2009 |
| Place of publication, distribution, etc. | San Francisco |
| Name of publisher, distributor, etc. | Pfeiffer |
| 300 ## - PHYSICAL DESCRIPTION | |
| Extent | 928 : p. |
| 365 ## - TRADE PRICE | |
| Currency code | |
| Price amount | 30 |
| Withdrawn status | Lost status | Damaged status | Not for loan | Home library | Current library | Shelving location | Date acquired | Source of acquisition | Cost, normal purchase price | Full call number | Barcode | Date last seen | Copy number | Price effective from | Koha item type |
|---|---|---|---|---|---|---|---|---|---|---|---|---|---|---|---|
| IMTN | IMTN | Rack 23-B | 09/28/2011 | IBH | 74.95 | 658.3 SIL | 18030 | 06/24/2024 | 47.7 | 06/24/2024 | Books |